UM Logo

Reading popular culture/ . (Record no. 2739)

MARC details
000 -LEADER
fixed length control field 00611nam a2200181 4500
008 - FIXED-LENGTH DATA ELEMENTS--GENERAL INFORMATION
fixed length control field 160525b xxu||||| |||| 00| 0 eng d
020 ## - INTERNATIONAL STANDARD BOOK NUMBER
International Standard Book Number 971550423X
082 ## - DEWEY DECIMAL CLASSIFICATION NUMBER
Edition number 2002
Classification number DFil 306
Item number R22
245 ## - TITLE STATEMENT
Title Reading popular culture/ .
Statement of responsibility, etc. Solidad S. Reyes, editor.
260 ## - PUBLICATION, DISTRIBUTION, ETC. (IMPRINT)
Place of publication, distribution, etc. Quezon City:
Name of publisher, distributor, etc. ADMU Press,
Date of publication, distribution, etc. c2002.
300 ## - PHYSICAL DESCRIPTION
Extent 243 pages;
Dimensions 23 cm.
500 ## - GENERAL NOTE
General note Includes bibliographical references and index.<br/>
650 #0 - SUBJECT ADDED ENTRY--TOPICAL TERM
9 (RLIN) 9066
Topical term or geographic name as entry element Popular culture
Geographic subdivision Philippines
Form subdivision Essays
650 #0 - SUBJECT ADDED ENTRY--TOPICAL TERM
9 (RLIN) 9067
Topical term or geographic name as entry element Philippine essays (English)
700 ## - ADDED ENTRY--PERSONAL NAME
9 (RLIN) 9068
Personal name Reyes, Soledad S.
Relator term Editor
365 ## - TRADE PRICE
Price amount 350.00
Currency code Php
942 ## - ADDED ENTRY ELEMENTS (KOHA)
Source of classification or shelving scheme Dewey Decimal Classification
Koha item type Filipiniana
Holdings
Withdrawn status Lost status Source of classification or shelving scheme Damaged status Not for loan Collection code Home library Current library Date acquired Source of acquisition Total Checkouts Full call number Barcode Date last seen Price effective from Koha item type
    Dewey Decimal Classification     Filipiniana UM Digos College - LIC UM Digos College - LIC 09/06/2003 Purchased   DFil 306 R22 2002 17703 05/15/2025 05/25/2016 Filipiniana